000 00361nam a22001457a 4500
008 210427b ||||| |||| 00| 0 eng d
020 _a9789042004429
041 _aeng
080 _a82
082 _a82
100 _a21
101 _aGJL
245 _aDeutsche Frauenlieder des funfzehnten und sechzehnten Jahrhunderts
_cAlbrecht Classen
942 _2udc
_cBK
999 _c56814
_d56814